[Event "Stuttgart-chC int"]
[Site "Ditzingen"]
[Date "2014.05.29"]
[Round "3"]
[White "Meissner, Mogens"]
[Black "Thomas, Leonhard"]
[Result "0-1"]
[WhiteElo "1049"]
[BlackElo "1340"]
[PlyCount "120"]
[EventDate "2014.05.29"]
[EventType "swiss"]
[EventRounds "7"]
[EventCountry "GER"]
[SourceTitle "EXT 2015"]
[Source "ChessBase"]
[SourceDate "2014.11.20"]
[SourceVersion "1"]
[SourceVersionDate "2014.11.20"]
[SourceQuality "1"]

1. e4 e5 2. Nf3 Nc6 3. Bc4 Bc5 4. c3 h6 5. d3 d6 6. 0-0 Nf6 7. Be3 Bxe3 8. fxe3 0-0 9. Nbd2 Re8 10. Qc2 Na5 11. Bb5 c6 12. Ba4 b5 13. Bb3 Nxb3 14. Nxb3 a5 15. Nbd2 Bb7 16. Rfe1 Rc8 17. b3 c5 18. c4 b4 19. a3 Qc7 20. axb4 axb4 21. Ra2 Ra8 22. Rea1 Bc6 23. Rxa8 Rxa8 24. Rxa8+ Bxa8 25. d4 exd4 26. exd4 cxd4 27. Nxd4 Qc5 28. Qd3 Qe5 29. Nb5 Nxe4 30. Nxe4 Qxe4 31. Qxe4 Bxe4 32. Nd4 Kf8 33. g3 Ke7 34. Kf2 Kf6 35. Ke3 Ke5 36. h3 f5 37. Ne2 g5 38. h4 Bc2 39. Nd4 f4+ 40. gxf4+ gxf4+ 41. Kd2 Kxd4 42. Kxc2 f3 43. Kd2 f2 44. Ke2 Kc3 45. Kxf2 Kxb3 46. Ke3 Kc2 47. Kd4 b3 48. c5 dxc5+ 49. Kxc5 b2 50. Kd4 b1Q 51. Ke5 Qb4 52. Kf6 Qxh4+ 53. Ke5 Kd3 54. Kf5 Qe7 55. Kf4 Qe4+ 56. Kg3 Qf5 57. Kh4 Qg5+ 58. Kh3 Ke3 59. Kh2 Kf2 60. Kh1 Qg2# 0-1